000 00324cam a22001217a 4500
008 180718b1943 xxu||||| |||| 00| 0 eng d
082 _aA6x54 Y34
100 _aYeats- Brown, F.
245 _aIndian pageant.
_cby F. Yeats- Brown
260 _aLondon
_bRight Book Club.
_c1943
300 _aix, 192p
650 _aIndia -History.
999 _c411762
_d411762